Unlocking the law of evidence / (Record no. 22396)

MARC details
000 -LEADER
fixed length control field 00605cam a22002178i 4500
001 - CONTROL NUMBER
control field 22504633
003 - CONTROL NUMBER IDENTIFIER
control field KenMUT
005 - DATE AND TIME OF LATEST TRANSACTION
control field 20250404140742.0
008 - FIXED-LENGTH DATA ELEMENTS--GENERAL INFORMATION
fixed length control field 220411s2022 enk b 001 0 eng
020 ## - INTERNATIONAL STANDARD BOOK NUMBER
International Standard Book Number 9781032252759
020 ## - INTERNATIONAL STANDARD BOOK NUMBER
International Standard Book Number 9781032252735
040 ## - CATALOGING SOURCE
Transcribing agency MUT
050 00 - LIBRARY OF CONGRESS CALL NUMBER
Classification number KD 7499
Item number .S56 2023
100 1# - MAIN ENTRY--PERSONAL NAME
Personal name Singh, Charanjit,
Relator term author.
245 10 - TITLE STATEMENT
Title Unlocking the law of evidence /
250 ## - EDITION STATEMENT
Edition statement 4th ed.
264 #1 - PRODUCTION, PUBLICATION, DISTRIBUTION, MANUFACTURE, AND COPYRIGHT NOTICE
Place of production, publication, distribution, manufacture Abingdon, Oxon [UK] ;
-- New York, NY :
Name of producer, publisher, distributor, manufacturer Routledge,
Date of production, publication, distribution, manufacture, or copyright notice 2023
490 0# - SERIES STATEMENT
Series statement Unlocking the law
650 #0 - SUBJECT ADDED ENTRY--TOPICAL TERM
Topical term or geographic name entry element Evidence (Law)
Geographic subdivision Great Britain.
942 ## - ADDED ENTRY ELEMENTS (KOHA)
Source of classification or shelving scheme Library of Congress Classification
Koha item type Books
Suppress in OPAC No
Holdings
Withdrawn status Lost status Source of classification or shelving scheme Damaged status Not for loan Home library Current library Shelving location Date acquired Source of acquisition Total checkouts Full call number Barcode Date last seen Price effective from Koha item type
    Library of Congress Classification     Murang'a University of Technology Library Murang'a University of Technology Library Law Library 08/11/2024 Purchase   KD 7499 .S56 2023 030935 08/11/2024 08/11/2024 Books